Statistics for Word Unscramble - Celebrities

Click here to take the quiz!

General Stats

  • This quiz has been taken 184 times
  • The average score is 12 of 20

Answer Stats

HintAnswer% Correct
ekradDrake
87%
nldoad rmutpDonald Trump
86%
bne flafcekBen Affleck
84%
jk paaKJ Apa
77%
hnoj engledJohn Legend
76%
sunjit erebibJustin Bieber
73%
yakt eyrprKaty Perry
72%
nvi sideleVin Diesel
68%
yam damasAmy Adams
64%
imymj lonfalJimmy Fallon
64%
mame nosetEmma Stone
61%
belithaze snakbElizabeth Banks
58%
ersee repowintosheReese Witherspoon
57%
nijerenf nonistaJennifer Aniston
53%
icmlahe konscjaMichael Jackson
50%
ocilans gecaNicolas Cage
49%
repcin rhyarPrince Harry
34%
santicoir orlandoCristiano Ronaldo
18%
inteala tompranNatalie Portman
14%
lotyar shannoTaylor Hanson
13%

Score Distribution

Percentile by Number Answered

Percent of People with Each Score

Your Score History

You have not taken this quiz